000 00293nam a2200121Ia 4500
008 190216s9999||||xx |||||||||||||| ||und||
100 _aDr.Takoor T K
245 0 _aHindi-Ache Garnya Keliye Ahar Yek Vyayam
260 _bShruthi Publications
300 _a112
650 _aHindi
942 _cBK
999 _c16390
_d16390